[Event "Kesan op"]
[Site "Kesan"]
[Date "2023.08.06"]
[Round "9"]
[White "Hacioglu, Berkan"]
[Black "Mgeladze, Kesaria"]
[Result "1/2-1/2"]
[WhiteElo "1879"]
[BlackElo "2046"]
[PlyCount "60"]
[EventDate "2023.08.01"]
[EventType "swiss"]
[EventRounds "9"]
[EventCountry "TUR"]
[SourceTitle "CBM 215 Extra"]
[Source "ChessBase"]
[SourceDate "2023.09.30"]
[SourceVersion "1"]
[SourceVersionDate "2023.09.30"]
[SourceQuality "1"]

1. d4 Nf6 2. c4 g6 3. Nc3 d5 4. cxd5 Nxd5 5. e4 Nxc3 6. bxc3 Bg7 7. Bc4 c5 8. Ne2 Nc6 9. Be3 0-0 10. 0-0 b6 11. Qd2 cxd4 12. cxd4 Bb7 13. Rad1 Rc8 14. Bh6 Na5 15. Bd3 Nc4 16. Qf4 Nb2 17. Bxg7 Kxg7 18. Rd2 Nxd3 19. Rxd3 Ba6 20. Rh3 Rh8 21. Qh6+ Kg8 22. Re3 Rc2 23. Re1 Bxe2 24. R3xe2 Rxe2 25. Rxe2 Qxd4 26. Re1 Qg7 27. Qd2 Qe5 28. Qh6 Qg7 29. Qd2 Qe5 30. Qh6 Qg7 1/2-1/2

[Event "TUR-chT 2nd League"]
[Site "Konya"]
[Date "2022.08.27"]
[Round "8.15"]
[White "Rahmanov, Shahriyar Teymur Og"]
[Black "Hacioglu, Berkan"]
[Result "1-0"]
[WhiteElo "2236"]
[BlackElo "1919"]
[PlyCount "53"]
[EventDate "2022.08.22"]
[EventType "team-swiss"]
[EventRounds "9"]
[EventCountry "TUR"]
[SourceTitle "CBM 210 Extra"]
[Source "ChessBase"]
[SourceDate "2022.11.30"]
[SourceVersion "1"]
[SourceVersionDate "2022.11.30"]
[SourceQuality "1"]
[WhiteTeam "Karaman Tabduk Emre"]
[BlackTeam "Yalova Altinkale"]
[WhiteTeamCountry "TUR"]
[BlackTeamCountry "TUR"]

1. d4 d5 2. Nf3 Nf6 3. g3 g6 4. Bg2 Bg7 5. 0-0 0-0 6. c4 c6 7. Nc3 Nbd7 8. cxd5 cxd5 9. Qb3 Qa5 10. Bd2 a6 11. Rfc1 Rd8 12. e3 Nf8 13. Na4 Qb5 14. Qxb5 axb5 15. Nb6 Rb8 16. Bb4 Re8 17. Bf1 Bf5 18. Bxb5 N8d7 19. Nxd7 Bxd7 20. Bxd7 Nxd7 21. Rc7 Rbd8 22. Rxb7 e5 23. Rc1 exd4 24. exd4 Nb8 25. Rcc7 Na6 26. Rxf7 Bh8 27. Bc3 1-0

[Event "TUR-chT 2nd League"]
[Site "Konya"]
[Date "2022.08.26"]
[Round "7.13"]
[White "Hacioglu, Berkan"]
[Black "Yalcin, Ozgun"]
[Result "0-1"]
[WhiteElo "1919"]
[BlackElo "1898"]
[PlyCount "40"]
[EventDate "2022.08.22"]
[EventType "team-swiss"]
[EventRounds "9"]
[EventCountry "TUR"]
[SourceTitle "CBM 210 Extra"]
[Source "ChessBase"]
[SourceDate "2022.11.30"]
[SourceVersion "1"]
[SourceVersionDate "2022.11.30"]
[SourceQuality "1"]
[WhiteTeam "Yalova Altinkale"]
[BlackTeam "Afyonkarahisar Basari"]
[WhiteTeamCountry "TUR"]
[BlackTeamCountry "TUR"]

1. Nf3 Nf6 2. c4 e6 3. g3 d5 4. Bg2 d4 5. 0-0 c5 6. e3 Nc6 7. exd4 cxd4 8. Re1 Be7 9. a3 a5 10. d3 0-0 11. Qc2 Re8 12. Bg5 Nd7 13. Bxe7 Qxe7 14. Nbd2 Nc5 15. b3 e5 16. Nxe5 Nxe5 17. f4 Ncxd3 18. Be4 Nxe1 19. Bxh7+ Kf8 20. Rxe1 Qc5 0-1

[Event "TUR-chT 2nd League"]
[Site "Konya"]
[Date "2022.08.23"]
[Round "2.15"]
[White "Eken, Atakan"]
[Black "Hacioglu, Berkan"]
[Result "1/2-1/2"]
[WhiteElo "1834"]
[BlackElo "1919"]
[PlyCount "63"]
[EventDate "2022.08.22"]
[EventType "team-swiss"]
[EventRounds "9"]
[EventCountry "TUR"]
[SourceTitle "CBM 210 Extra"]
[Source "ChessBase"]
[SourceDate "2022.11.30"]
[SourceVersion "1"]
[SourceVersionDate "2022.11.30"]
[SourceQuality "1"]
[WhiteTeam "Marmara Universitesi"]
[BlackTeam "Yalova Altinkale"]
[WhiteTeamCountry "TUR"]
[BlackTeamCountry "TUR"]

1. e4 e6 2. d4 d5 3. Nd2 dxe4 4. Nxe4 Nf6 5. Nxf6+ gxf6 6. Nf3 Nc6 7. Bf4 Qd7 8. Qd2 b6 9. 0-0-0 Bb7 10. d5 exd5 11. Qxd5 Qxd5 12. Rxd5 Nd8 13. Rd1 Ne6 14. Be3 a6 15. Be2 Bd6 16. Rhe1 0-0-0 17. g3 Rhe8 18. Nh4 Bb4 19. Rxd8+ Rxd8 20. Rd1 Re8 21. Bf3 Bxf3 22. Nxf3 Bc5 23. Bxc5 Nxc5 24. Re1 Rxe1+ 25. Nxe1 Kd7 26. Kd2 Ke6 27. Nd3 Nd7 28. f4 Kf5 29. Ke3 Kg4 30. Nf2+ Kf5 31. g4+ Ke6 32. Nd3 1/2-1/2

[Event "TUR-chT 2nd League"]
[Site "Konya"]
[Date "2019.07.26"]
[Round "7.11"]
[White "Hacioglu, Berkan"]
[Black "Uzuner, Tufan Can"]
[Result "1-0"]
[WhiteElo "1957"]
[BlackElo "1874"]
[PlyCount "89"]
[EventDate "2019.07.22"]
[EventType "team-swiss"]
[EventRounds "9"]
[EventCountry "TUR"]
[SourceTitle "CBM 191 Extra"]
[Source "ChessBase"]
[SourceDate "2019.09.30"]
[SourceVersion "1"]
[SourceVersionDate "2019.09.30"]
[SourceQuality "1"]
[WhiteTeam "Yalova Altinkale"]
[BlackTeam "Calli Spor"]
[WhiteTeamCountry "TUR"]
[BlackTeamCountry "TUR"]

1. d4 Nf6 2. c4 e6 3. Nf3 b6 4. g3 Bb7 5. Bg2 Bb4+ 6. Bd2 Bxd2+ 7. Nbxd2 d6 8. 0-0 Nbd7 9. Qc2 c5 10. Rfd1 Qc7 11. e4 cxd4 12. Nxd4 a6 13. b4 0-0 14. a4 Rac8 15. Rdc1 d5 16. exd5 exd5 17. Nf5 Rfe8 18. Qb2 Ne5 19. cxd5 Qd7 20. Rxc8 Bxc8 21. Ne3 Bb7 22. Qd4 Qd8 23. Nb3 Ned7 24. a5 b5 25. Nc5 Bc8 26. d6 h5 27. h3 Re5 28. f4 Re8 29. Rd1 Nf8 30. Qd3 N6d7 31. Nd5 Ng6 32. Be4 Ndf8 33. Nc7 Rxe4 34. Qxe4 Bxh3 35. d7 Nxd7 36. N5xa6 Qc8 37. f5 Nc5 38. Nxc5 Bxf5 39. Qd5 Nf8 40. a6 Bg4 41. Rd3 Qe8 42. Qe4 Qb8 43. Qf4 Qe8 44. a7 Bh3 45. Qe4 1-0

[Event "TUR-chT 2nd League"]
[Site "Konya"]
[Date "2019.07.25"]
[Round "6.10"]
[White "Dogdu, Mehmet"]
[Black "Hacioglu, Berkan"]
[Result "1-0"]
[WhiteElo "1906"]
[BlackElo "1957"]
[PlyCount "55"]
[EventDate "2019.07.22"]
[EventType "team-swiss"]
[EventRounds "9"]
[EventCountry "TUR"]
[SourceTitle "CBM 191 Extra"]
[Source "ChessBase"]
[SourceDate "2019.09.30"]
[SourceVersion "1"]
[SourceVersionDate "2019.09.30"]
[SourceQuality "1"]
[WhiteTeam "Konya Erkin"]
[BlackTeam "Yalova Altinkale"]
[WhiteTeamCountry "TUR"]
[BlackTeamCountry "TUR"]

1. e4 c5 2. Nf3 d6 3. d4 cxd4 4. Nxd4 Nf6 5. Nc3 g6 6. f4 Nbd7 7. Qe2 e5 8. Nb3 Bg7 9. Be3 Nh5 10. f5 0-0 11. 0-0-0 Nb6 12. Qf3 Re8 13. Bb5 Rf8 14. h4 Qe7 15. Kb1 Bd7 16. Bxb6 axb6 17. Nd5 Qd8 18. Bxd7 Qxd7 19. f6 Bh6 20. g4 Nf4 21. g5 Ne6 22. a3 Ra6 23. gxh6 Nc5 24. h5 Rfa8 25. hxg6 hxg6 26. h7+ Kh8 27. Nxc5 bxc5 28. Qe3 1-0

[Event "TUR-chT 2nd League"]
[Site "Konya"]
[Date "2019.07.23"]
[Round "2.10"]
[White "Hacioglu, Berkan"]
[Black "Makaraci, Tunahan"]
[Result "1-0"]
[WhiteElo "1957"]
[BlackElo "1979"]
[PlyCount "63"]
[EventDate "2019.07.22"]
[EventType "team-swiss"]
[EventRounds "9"]
[EventCountry "TUR"]
[SourceTitle "CBM 191 Extra"]
[Source "ChessBase"]
[SourceDate "2019.09.30"]
[SourceVersion "1"]
[SourceVersionDate "2019.09.30"]
[SourceQuality "1"]
[WhiteTeam "Yalova Altinkale"]
[BlackTeam "Marmara Universitesi"]
[WhiteTeamCountry "TUR"]
[BlackTeamCountry "TUR"]

1. c4 e5 2. g3 Nf6 3. Bg2 d5 4. cxd5 Nxd5 5. Nc3 Nb6 6. Nf3 Nc6 7. d3 Be7 8. 0-0 0-0 9. a3 Be6 10. b4 a5 11. b5 Nd4 12. Be3 f6 13. Bxd4 exd4 14. Na4 Nxa4 15. Qxa4 Bc5 16. Rfc1 Bb6 17. Nd2 Bg4 18. Re1 Rb8 19. Rac1 Re8 20. Ne4 Re5 21. f4 Re8 22. h3 Bxh3 23. Bxh3 Rxe4 24. dxe4 d3+ 25. Kg2 d2 26. Qc4+ Kh8 27. Red1 Qe7 28. Rxd2 Qxa3 29. Rcd1 c6 30. Qf7 h6 31. Bf5 Qc5 32. Rd8+ 1-0

[Event "Troya op 25th"]
[Site "Canakkale"]
[Date "2017.08.08"]
[Round "3"]
[White "Hacioglu, Berkan"]
[Black "Alaz, Ahmet Efekan"]
[Result "0-1"]
[WhiteElo "1953"]
[BlackElo "2048"]
[PlyCount "80"]
[EventDate "2017.08.07"]
[EventType "swiss"]
[EventRounds "9"]
[EventCountry "TUR"]
[SourceTitle "CBM 179 Extra"]
[Source "ChessBase"]
[SourceDate "2017.08.23"]
[SourceVersion "1"]
[SourceVersionDate "2017.08.23"]
[SourceQuality "1"]

1. d4 d5 2. Nf3 Nf6 3. c4 c6 4. Nc3 a6 5. c5 Nbd7 6. Bf4 g6 7. e3 Bg7 8. Bd3 0-0 9. 0-0 Nh5 10. b4 f6 11. Qb3 Kh8 12. Bg3 Nxg3 13. hxg3 e5 14. e4 dxe4 15. Nxe4 f5 16. Neg5 e4 17. Ne6 Nxc5 18. Nxc5 exf3 19. gxf3 Bxd4 20. Rad1 Qc7 21. Kg2 b6 22. Na4 c5 23. Rfe1 Bb7 24. Re6 Bc6 25. Rde1 Qb7 26. Re7 Bxf3+ 27. Kg1 Qb8 28. Kf1 Be4 29. Nb2 Qd8 30. Bxe4 fxe4 31. R1xe4 Rxf2+ 32. Ke1 Qf8 33. Nd1 Rd8 34. Qd3 Rf7 35. Qe2 Rxe7 36. Rxe7 Qf6 37. Qe4 Bc3+ 38. Ke2 Rd2+ 39. Ke3 Qd4+ 40. Qxd4+ cxd4+ 0-1

[Event "TUR-chT 2nd League"]
[Site "Konya"]
[Date "2017.07.19"]
[Round "4.12"]
[White "Hacioglu, Berkan"]
[Black "Ozsakallioglu, Okan"]
[Result "1-0"]
[WhiteElo "1915"]
[BlackElo "1983"]
[PlyCount "35"]
[EventDate "2017.07.17"]
[EventType "team-swiss"]
[EventRounds "9"]
[EventCountry "TUR"]
[SourceTitle "CBM 179 Extra"]
[Source "ChessBase"]
[SourceDate "2017.08.23"]
[SourceVersion "1"]
[SourceVersionDate "2017.08.23"]
[SourceQuality "1"]
[WhiteTeam "Yalova Altinkale"]
[BlackTeam "Bolu Koroglu"]
[WhiteTeamCountry "TUR"]
[BlackTeamCountry "TUR"]

1. d4 d5 2. c4 e6 3. Nc3 c6 4. e4 dxe4 5. Nxe4 Nf6 6. Nxf6+ Qxf6 7. Nf3 Nd7 8. a3 h6 9. Bd3 Bd6 10. Bc2 Nf8 11. 0-0 Bd7 12. Re1 a5 13. b4 Ng6 14. Bb2 0-0 15. Qb1 Rae8 16. d5 e5 17. c5 Bb8 18. d6 1-0

[Event "TUR-chT 2nd League"]
[Site "Konya"]
[Date "2017.07.18"]
[Round "3.11"]
[White "Aghayev, Miragha"]
[Black "Hacioglu, Berkan"]
[Result "1-0"]
[WhiteElo "2398"]
[BlackElo "1915"]
[PlyCount "68"]
[EventDate "2017.07.17"]
[EventType "team-swiss"]
[EventRounds "9"]
[EventCountry "TUR"]
[SourceTitle "CBM 179 Extra"]
[Source "ChessBase"]
[SourceDate "2017.08.23"]
[SourceVersion "1"]
[SourceVersionDate "2017.08.23"]
[SourceQuality "1"]
[WhiteTeam "Kahramanmaras Ustad"]
[BlackTeam "Yalova Altinkale"]
[WhiteTeamCountry "TUR"]
[BlackTeamCountry "TUR"]

1. d4 d5 2. c4 e6 3. Nf3 Nf6 4. g3 Bb4+ 5. Bd2 Bxd2+ 6. Nbxd2 0-0 7. Bg2 b6 8. 0-0 Bb7 9. Qc2 Qe7 10. Rac1 dxc4 11. Qxc4 Rc8 12. Ne5 Bxg2 13. Kxg2 c5 14. Ndf3 Nbd7 15. Qa6 Rc7 16. Nxd7 Nxd7 17. Rc4 Rac8 18. Rfc1 h6 19. dxc5 Nxc5 20. Qa3 Qd8 21. Rd4 Qf8 22. h4 a5 23. Rcd1 Qe8 24. Ne5 f6 25. Nc4 e5 26. Rd5 Qc6 27. Kg1 Ne6 28. Qd6 Qxd6 29. Nxd6 Rd8 30. Nf5 Rxd5 31. Rxd5 Rc2 32. Rb5 Rxe2 33. Rxb6 Kf7 34. h5 g5 1-0